Pokémon - Les attaques de Chapignon - Statistiques

Statistiques générales
  • Ce quiz a été pris 28 fois
  • Le résultat moyen est 9 sur 14
Statistiques - réponses
Niveaux Types Noms des coups % Correct
Départ Évolution Combat Mach Punch
94%
Niveau 12 Plante Méga-Sangsue
94%
Départ Plante Vol-Vie
94%
Départ Niveau 5 Plante Para-Spore
81%
Départ Niveau 8 Plante Vampigraine
75%
Niveau 44 Plante Canon Graine
69%
Départ Normal Charge
63%
Niveau 39 Combat Stratopercut
63%
Niveau 50 Combat Dynamopoing
56%
Niveau 22 Combat Riposte
50%
Niveau 15 Normal Coup d'Boule
44%
Niveau 28 Combat Forte-Paume
44%
Niveau 33 Normal Lire-Esprit
13%
Niveau 19 Normal Ruse
13%
Aucun quiz correspondant
Distribution des résultats
% des personnes avec chaque résultat
Percentile par nombre de réponses
Votre historique - résultats
Vous n’avez pas pris ce quiz